| 000 | 03380nam0a2200457 4500 | ||
|---|---|---|---|
| 001 | RU\NLR\bibl\801588 | ||
| 005 | 20250614125735.0 | ||
| 010 |
_a5-93441-067-9 _bв обл. _9100 |
||
| 021 |
_aRU _b2005-2232 _9110 |
||
| 035 | _aRSL-KNO-002564041 | ||
| 035 | _a(NLR Aleph) 000790756 | ||
| 090 |
_a1120183 _c1120183 |
||
| 100 | _a20050204d2004 |||y0rusy50 ca | ||
| 101 | 0 | _arus | |
| 102 | _aRU | ||
| 105 | _aa ||||||||| | ||
| 106 | _ar | ||
| 200 | 1 |
_aИнформатика и программирование _eязыки С и Basic с примерами и упражнениями _eучеб. пособие для студентов вузов, обучающихся по специальности 351400 "Прикладная информатика (по обл.)" _fА. Г. Комирев, М. Ю. Катаргин, Е. М. Сартасов _gУрал. соц.-экон. ин-т акад. труда и социал. отношений, Каф. высш. математики и информатики |
|
| 210 |
_aЧелябинск _cУрал. соц.-экон. ин-т акад. труда и социал. отношений _d2004 _gООО ИПП Фотохудожник |
||
| 215 |
_a154 с. _cил., табл. _d20 |
||
| 300 | _aНа обороте тит. л. авт.: кандидаты техн. наук, доценты Комирев А.Г., Катагин М.Ю., Сартасов Е.М. | ||
| 606 | 1 |
_aИнформатика _jУчебные издания для высших учебных заведений _92081274 _3RU\NLR\auth\661257251 |
|
| 606 | 1 |
_aC, язык программирования _jУчебные издания для высших учебных заведений _91672093 _3RU\NLR\auth\661040545 |
|
| 606 | 1 |
_aBASIC, язык программирования _jУчебные издания для высших учебных заведений _91173732 _3RU\NLR\auth\66153742 |
|
| 606 | 1 |
_aИнформатика _jРуководства, пособия и т.п. для высшей школы _92081274 _3RU\NLR\auth\661257251 |
|
| 606 | 1 |
_aC, язык программирования _jРуководства, пособия и т.п. для высшей школы _91672093 _3RU\NLR\auth\661040545 |
|
| 606 | 1 |
_aBASIC, язык программирования _jРуководства, пособия и т.п. для высшей школы _91173732 _3RU\NLR\auth\66153742 |
|
| 610 | 0 | _aВычислительная техника -- Вычислительные машины электронные цифровые -- Персональные компьютеры -- Программирование -- Языки программирования -- C -- Задачники и сборники упражнений в высшей школе | |
| 686 |
_aЗ973.26-018.19С.я73-4 _2rubbk |
||
| 686 |
_aЗ973.26-018.19Basic.я73-4 _2rubbk |
||
| 686 | _aЗ973.23я73-1 | ||
| 700 | 1 |
_aКомирев _bА. Г. _gАлександр Григорьевич _4070 |
|
| 701 | 1 |
_aКатаргин _bМ. Ю. _gМихаил Юрьевич _4070 |
|
| 701 | 1 |
_aСартасов _bЕ. М. _gЕвгений Михайлович _4070 |
|
| 801 | 0 |
_aRU _bRuMoRKP _c20050204 _grcr |
|
| 801 | 1 |
_aRU _bRuMoRGB _c20050204 |
|
| 801 | 2 |
_aRU _bNLR _c20050519 _gPSBO |
|
| 830 | _aАвт. по кн. | ||
| 942 | _cBOOK | ||
| 980 | _aNB | ||